00705cam a2200193 450000500170000000800410001705000200005810000210007824000380009924501040013725000110024126000540025230000210030649000510032750400430037865000230042170000320044470000350047620260521113145.0260521b ag |||||||| |||| 00| 0 spa d04aJC355bB69 19601 aBowie, Robert R. aStudies in federalism.lEspañol10aEstudios sobre federalismo c / Robert R. Bowie y Carl J. Friedrich ; traducción Susana Barrancos a1a ed. aBuenos Aires :bBibliográfica Argentina ,c1960 a969 p. ;c24 cm.0 aColección de ciencias políticas y sociales aBibliografía : p. 945-959 e índice 72lembaFederalismo 1 aFriedrich, Carl J., eautor1 aBarrancos, Susana, etraductor